Riadenie odpadového hospodárstva na podnikovej úrovni

Priblíženie environmentálnej politiky so zameraním na odpadové hospodárstvo v nemenovanom elektrotechnickom podniku na území Slovenska. Na základe expertného hĺbkového rozhovoru s manažérom pre životné prostredie bol vytvorený komplexný pohľad na riadenie odpadového hospodárstva v nemenovanom podnik...

Description complète

Enregistré dans:
Détails bibliographiques
Auteur principal: Richnák, Patrik, 1988-
Autres auteurs: Gubová, Klaudia, 1986-, Zendulka, Lukáš, 1989-
Format: Chapitre de livre
Langue:slovaque
Sujets:
Tags: Ajouter un tag
Pas de tags, Soyez le premier à ajouter un tag!

MARC

LEADER 00000nla a2200000 4500
001 0226543
005 20241002082803.4
041 0 |a slo 
044 |a SK 
245 1 0 |a Riadenie odpadového hospodárstva na podnikovej úrovni  |c Patrik Richnák, Klaudia Gubová, Lukáš Zendulka 
520 |a Priblíženie environmentálnej politiky so zameraním na odpadové hospodárstvo v nemenovanom elektrotechnickom podniku na území Slovenska. Na základe expertného hĺbkového rozhovoru s manažérom pre životné prostredie bol vytvorený komplexný pohľad na riadenie odpadového hospodárstva v nemenovanom podniku. Podnik za posledné roky znížil produkciu odpadov a to vďaka tomu, že využíva dva významné projekty, a to "Vratné obaly" a "GO projekt". V tomto roku pristupuje k projektu "Zelená továreň". Podnik môže byť vzorom pre iné konkurenčné podniky. 
610 2 0 |a politika environmentálna 
610 2 0 |a podnik 
610 2 0 |a hospodárstvo odpadové 
610 2 0 |a riadenie 
610 2 0 |a projekty 
100 1 |a Richnák, Patrik, 1988- 
700 1 |a Gubová, Klaudia, 1986- 
700 1 |a Zendulka, Lukáš, 1989-